Toutes les princesses d'Adventure Time - Statistiques

Statistiques générales
  • Ce quiz a été pris 24 fois
  • Le résultat moyen est 8 sur 19
Statistiques - réponses
Par images Réponse % Correct
Princesse Chewing-Gum
93%
Princesse des Flammes
87%
Princesse Lumpy Space (PLS)
80%
Princesse Muscle
80%
Princesse Fantôme
73%
Princesse Tortue
73%
Princesse Baveuse
60%
Princesse Hot Dog
60%
Princesse Chiffon
40%
Princesse Squelette
40%
Princesse Fraise des Bois
33%
Breakfast Princess
13%
Princesse Toast
13%
Princesse Bague de fiançailles
7%
Princesse du yaourt glacé
7%
Princesse Émeraude
7%
Princesse Jungle
0%
Princesse strudel
0%
Princesse Vieille Dame
0%
Aucun quiz correspondant
Distribution des résultats
% des personnes avec chaque résultat
Percentile par nombre de réponses
Votre historique - résultats
Vous n’avez pas pris ce quiz